Εισαγωγή στην ψυχοπαιδαγωγική έρευνα και μεθοδολογία
Αποθηκεύτηκε σε:
| Κύριος συγγραφέας: | |
|---|---|
| Μορφή: | Βιβλίο |
| Γλώσσα: | Greek |
| Δημοσίευση: |
Αθήνα :
Γρηγόρης,
1991.
|
| Έκδοση: | 2η εκδ. |
| Σειρά: | Επιστήμες της αγωγής (Γρηγόρης)
|
| Θέματα: | |
| Ετικέτες: |
Προσθήκη ετικέτας
Δεν υπάρχουν, Καταχωρήστε ετικέτα πρώτοι!
|
MARC
| LEADER | 00000cam a2200000 i 4500 | ||
|---|---|---|---|
| 001 | 1/74743 | ||
| 008 | 960515s1991 gr ||| | gre|| | ||
| 020 | |a 9602220058 | ||
| 035 | |a 1993 |b 2 |c Δωρεά |l 10031914 | ||
| 035 | |a 1991 |b 2 |c Δωρεά | ||
| 040 | |a GR-MyUa |b gre |e AACR2 | ||
| 041 | 0 | |a gre | |
| 082 | 7 | |a 370.15 |2 (22) | |
| 100 | 1 | |a Βάμβουκας, Μιχαήλ Ι., |d 1941- | |
| 245 | 1 | 0 | |a Εισαγωγή στην ψυχοπαιδαγωγική έρευνα και μεθοδολογία / |c Μιχάλης Βάμβουκας. |
| 250 | |a 2η εκδ. | ||
| 260 | |a Αθήνα : |b Γρηγόρης, |c 1991. | ||
| 300 | |a 422 σ. ; |c 25 εκ. | ||
| 490 | 1 | |a (Επιστήμες της αγωγής / Γρηγόρης ; |v 8) | |
| 650 | 0 | |a Educational psychology. | |
| 830 | 0 | |a Επιστήμες της αγωγής (Γρηγόρης) | |
| 852 | |a INST |b RHODES |e 19970312 |h 370.15 ΒΑΜ |p 005400000351 |q 005400000351 |t BK |y 4 |x 20211222 | ||
| 852 | |a INST |b RHODES |e 19970312 |h 370.15 ΒΑΜ |p 005400000352 |q 005400000352 |t BK |y 4 |x 20211222 | ||
| 852 | |a INST |b RHODES |e 19970312 |h 370.15 ΒΑΜ |p 005400000353 |q 005400000353 |t BK |y 0 | ||
| 852 | |a INST |b RHODES |e 19970312 |h 370.15 ΒΑΜ |p 005400001439 |q 005400001439 |t BK |y 0 | ||
| 852 | |a INST |b RHODES |e 19960515 |h 370.15 ΒΑΜ |p 005400001440 |q 005400001440 |t BK |y 0 | ||
| 852 | |a INST |b RHODES |e 19960515 |h 370.15 ΒΑΜ |p 005400001450 |q 005400001450 |t BK |y 0 | ||
| 852 | |a INST |b RHODES |e 19960515 |h 370.15 ΒΑΜ |p 005400001451 |q 005400001451 |t BK |y 0 | ||
| 852 | |a INST |b RHODES |e 19960515 |h 370.15 ΒΑΜ |p 005400001453 |q 005400001453 |t BK |y 0 | ||
| 852 | |a INST |b RHODES |e 19960515 |h 370.15 ΒΑΜ |p 005400001454 |q 005400001454 |t BK |y 0 | ||
| 852 | |a INST |b RHODES |e 19970312 |h 370.15 ΒΑΜ |p 005400001458 |q 005400001458 |t BK |y 0 | ||